00732nam a22002177a 450000100060000000300080000600500170001400800410003103500190007204000260009104100080011708200220012510000180014724500960016526000520026130000210031349000270033450400200036150501030038165000300048425370BD-RjUL20211209050853.0140318r19501921enk 001 0 eng d a(BD-RjUL)25440 aBD-RjULbengcBD-RjUL aeng a920bPHP V-2 19501 aPhilostratus. aPhilostratus :bthe life of Apollonius of Tyana /ctranslated by F.C. Conybeare.nVolume II aLondon :bWilliam Heinemann,c[Reprinted 1950]. a622 p. ;c17 cm.1 aLoeb Classical Library aIncludes index.1 a The life of Apollonius of Tyana, Books VI -- VIII; Epistles of Apollonius; Treatise of Eusebius. 0aApollonius, -- of Tyana.